Music Quiz

Random Music Quiz
Score 0/291 Timer 10:00
0 Plays Today
Answer % Correct
I
100%
I
100%
I
100%
I
100%
I
100%
I
100%
I
100%
I
100%
I
100%
I
100%
I
100%
I
100%
I
100%
I
100%
I
100%
I
100%
I
100%
I
100%
I
100%
the
94.6%
the
94.6%
the
94.6%
the
94.6%
the
94.6%
the
94.6%
the
94.6%
the
94.6%
the
94.6%
the
94.6%
the
94.6%
the
94.6%
the
94.6%
the
94.6%
the
94.6%
in
93.5%
a
93.5%
in
93.5%
a
93.5%
in
93.5%
a
93.5%
a
93.5%
a
93.5%
a
93.5%
in
93.5%
in
93.5%
but
92.4%
but
92.4%
but
92.4%
but
92.4%
But
92.4%
But
92.4%
But
92.4%
but
92.4%
but
92.4%
but
92.4%
where
91.3%
am
91.3%
am
91.3%
out
91.3%
it
91.3%
it?
91.3%
it
91.3%
it
91.3%
it
91.3%
out
91.3%
it
91.3%
out
91.3%
it
91.3%
am
91.3%
up
90.2%
cell,
90.2%
that
90.2%
my
90.2%
my
90.2%
that
90.2%
My
90.2%
My
90.2%
my
90.2%
up
90.2%
my
90.2%
My
90.2%
like
89.1%
like
89.1%
like
89.1%
like
89.1%
like
89.1%
like
89.1%
Woke
88%
at?
88%
cold,
88%
door
88%
Yeah,
87%
it's
87%
yeah,
87%
it's
87%
yeah,
87%
yeah
87%
Answer % Correct
keys
85.9%
are
85.9%
are
85.9%
hand,
85.9%
are
85.9%
of
83.7%
hands
83.7%
me
83.7%
go
83.7%
of
83.7%
me?
83.7%
What,
81.5%
Door's
81.5%
make
81.5%
sense,
81.5%
does
81.5%
make
81.5%
don't
81.5%
make
81.5%
I'm
81.5%
don't
81.5%
I'm
81.5%
I'm
81.5%
don't
81.5%
I'm
81.5%
I'm
81.5%
locked,
80.4%
friends,
80.4%
ain't
80.4%
to
80.4%
to
80.4%
to
80.4%
ain't
80.4%
ain't
80.4%
we
80.4%
Ain't
80.4%
no
80.4%
Ain't
80.4%
no
80.4%
to
80.4%
songs,
79.3%
songs
79.3%
trapped?
78.3%
doesn't
77.2%
funny
77.2%
been
77.2%
you
77.2%
you
77.2%
been
77.2%
you
77.2%
you
77.2%
You
77.2%
You
77.2%
Been
77.2%
you
77.2%
funny,
77.2%
chest
76.1%
judge
76.1%
I've
76.1%
I've
76.1%
Heart's
75%
beating
75%
married,
75%
smile,
73.9%
Sing
73.9%
fit
73.9%
life
73.9%
not
73.9%
not
73.9%
fit
73.9%
Not
73.9%
pain,
72.8%
Life's
72.8%
And
72.8%
Feels
72.8%
feels
72.8%
and
72.8%
feels
72.8%
feels
72.8%
Might
71.7%
along
71.7%
love
71.7%
round
71.7%
still
71.7%
into
71.7%
into
71.7%
got
71.7%
felt
71.7%
divorce
71.7%
got
71.7%
into
71.7%
they
70.7%
merry
70.7%
trying
70.7%
figure
70.7%
will
70.7%
will
70.7%
Answer % Correct
tell
70.7%
Nate,
70.7%
own
69.6%
shoes,
69.6%
Hi,
69.6%
now
68.5%
right
68.5%
norm
68.5%
tryna
68.5%
yours
68.5%
never
68.5%
have
68.5%
Check
68.5%
Check
68.5%
Hm,
67.4%
whole
67.4%
wrong,
67.4%
feelings
67.4%
Mike
67.4%
if
67.4%
before
67.4%
space
66.3%
crowds
66.3%
airin'
66.3%
tight
66.3%
Tyson,
66.3%
won't
66.3%
met
66.3%
wack?
66.3%
source
66.3%
get
66.3%
fight
65.2%
bite
65.2%
was
65.2%
was
65.2%
course
65.2%
getting
64.1%
character
64.1%
told
64.1%
told
64.1%
back?
64.1%
with
64.1%
There's
64.1%
see
64.1%
real
63%
Somebody
63%
Somebody
63%
fans?
63%
fans
63%
nice
62%
ya'
62%
Yes,
62%
problem
62%
lookin'
62%
for
62%
old
60.9%
can
60.9%
win
58.7%
seal
57.6%
morgue,
57.6%
anything
56.5%
better
56.5%
better
56.5%
Oh,
55.4%
fortune
55.4%
teller,
54.3%
future
54.3%
weird,
53.3%
is
50%
is
50%
that's
48.9%
tellin'
46.7%
when
46.7%
together
46.7%
on
45.7%
microphone,
44.6%
Same
44.6%
ah
43.5%
year
43.5%
half,
43.5%
gone
43.5%
forever
43.5%
pick
42.4%
happen
41.3%
style,
40.2%
know
40.2%
thoughts
40.2%
what'll
38%
something,
38%
comin'
37%
drink
34.8%
buzz
34.8%
Big
34.8%
game,
34.8%
steps
33.7%
Hulk
33.7%
running
33.7%
Remove Ads.
Support Sporcle.
Get the best of Sporcle when you Go Orange. This ad-free experience offers more features, more stats, and more fun while also helping to support Sporcle. Thank you for becoming a member.

You're not logged in!

Compare scores with friends on all Sporcle quizzes.
OR
Log In

Show Comments

Extras

Created Dec 19, 2018ReportNominate

Top Quizzes Today


Score Distribution

Your Account Isn't Verified!

In order to create a playlist on Sporcle, you need to verify the email address you used during registration. Go to your Sporcle Settings to finish the process.

Report this User

Report this user for behavior that violates our Community Guidelines.

Details: